02320nam a2200385 i 4500001001000000003000900010005001700019007000300036008004100039040003000080049000900110082002200119100004700141245016000188250002200348264009800370300002800468336002700496337003300523338002800556500003400584500006900618590002600687600006300713700005600776700005400832910003700886942001400923952022300937952014601160952013401306952023001440952024701670999001701917000021572DO-SdBNP20260316093254.0ta100909s1994 dr 000 0 spa d aDO-SdBNPbspacBNPHUerda aBNPD 4a025.31bC352c2221 aCastillo Vega, Marcia,917575eautor4aut.10aCatálogo del archivo personal de la familia Henríquez Ureña /cMarcia Castillo Vega ; edición, Arístides Incháustegui, Blanca Delgado Malagón aPrimera edición aSanto Domingo :bEditora Secretaría de Estado de Educación, Bellas Artes y Cultos,c1994. a298 páginas ;c23 cm. atextobtxt2rdacontent asin mediaciónbn2rdamedia avolumenbnc2rdacarrier aIncluye índice onomástico aPublicaciones del sesquicentenario de la independencia nacional. aInventariado, 2024/BT 0aHenríquez Ureña, Familia930564xArchivosxCatálogos1 aIncháustegui, Arístides,eedición4ed.9840511 aDelgado Malagón, Blanca,eedición4ed.922928 aValidado. Control de calidad/MAA 2ddccLBS1 00102ddc56708DSaBNPHUbBNPHUcHDd2015-02-19eDonaciónl0oBNPHU DS 025.31 C352cp21572-30r2020-06-25te. 3w2020-06-25yLBS1zPerteneció a la biblioteca personal del Dr. Guaroa Ginebra H.ZPréstamo en sala 00102ddc56708DSaBNPHUbBNPHUcHDd2015-08-07l0oBNPHU DS 025.31 C352cp21572-40r2020-06-25te. 4w2020-06-25yLBS1ZPréstamo en sala 00102ddc51708PDaBNPHUbBNPHUcHDd2010-09-09l0oBNPHU PD 025.31 C352cp21572-10r2020-06-25w2020-06-25yLBS1ZNo se presta 00102ddc51708PDaBNPHUbBNPHUcHDd2010-09-17eDonaciónl0oBNPHU PD 025.31 C352cp21572-20r2020-06-25te. 2w2020-06-25yLBS1zPerteneció a la biblioteca personal de Chiqui Vicioso / Fidelio Despradel.ZNo se presta 00102ddc56708DSaBNPHUbBNPHUcHDd2024-09-12eDonado por la Presidencia de la República Dominicanal0oBNPHU DS 025.31 C352cp2024-5328r2024-09-12te.5w2024-09-12yLBS1zPerteneció a la biblioteca personal de Emilio Cordero Michel. c21071d21071